zpět

Detail výsledku týmu

Cabaret des Péches, Brno

Datum a čas kvízu

24.5 Celkem bodů Celkový počet nahraných bodů na tomto kvízu bez doplňovacích otázek.
8. Pořadí na kvízu Konečné umístění týmu na tomto kvízu.

Zaznamenané odpovědi

# Otázka Odpověď Body Výsledky
1. Na sociálních sítích se minulý... v Pardubicích 1
2. Válkou postižené Ukrajině přic... Starlink 1
3. V pátek večer ovládl udílení f... Cate Blanchettová 1
4. V pondělí představila společno... příchuť vesmíru 0
5. Jak se jmenuje tenista, který... Jiří Veselý 0
6. Začneme z našeho pohledu nejzn... Bylo mu 38 let. (Uznáváme 36–40 let.) 0
7. Ve Spojených státech se událo... 1C 2A 3B 4D 1
8. Mehmet Ali Ağca [ádža] je ture... D 0
9. Napište jméno kladenského rodá... Antonín Čermák, Franklin D. Roosevelt 0.5
10. Poslední bod tohoto tématu roz... Bénazír Bhuttová, Pákistán 0